000 00461nam a2200133 a 4500
008 120416s1971 xx |||||||||||||| || u
050 _aTS 192 Whi
100 _aWhite, Edwin Neville
245 1 0 _aMaintenance planning, control and documentation
250 _a2nd ed.
260 _c1971
350 _a0.00
995 _D0.00
_FCBU-MAIN LIBRARY (Kitwe)
_H1
_I23.95
_UAVAILABLE
_ZMain Library Open Access Collection
999 _c49699
_d49699